000 00271pab a2200109 454500
008 180718b xxu||||| |||| 00| 0 eng d
100 _aDatt, Ruddar
245 _aImpact of new economic policy
650 _aEconomic Development
773 _aFinancial Express
909 _a24055
999 _c24055
_d24055